02062cam a22004094i 4500003000900000005001700009008004100026035002000067040003300087100004500120245017000165264001000335300002100345336002100366337002500387338002300412502005900435504002400494520088900518526001001407526001001417526000901427526000901436526000901445526000901454526000901463526000901472526000901481526000801490526000801498526000801506526000801514526000801522650003701530650004601567700003901613PE-LiUPU20250731165442.0160914s2016 pe a grm 000 0 spa d a(Sirsi) a163468 aPE-LiUPUbspacPE-LiUPUerda1 aYauri Yancachajlla, Diego José,eautor1 aSatisfacción con la vida y estrategias de afrontamiento en adolescentes universitarios de una universidad privada de Lima, 2015 /cDiego José Yauri Yancachajlla. 0c2016. a94 hojas c30 cm atext2rdacontent aunmediated2rdamedia avolume2rdacarrier aTesisb(Lic.) -- cUniversidad Peruana Unión,d2016. aIncluye referencias3 aEl objetivo del presente estudio fue evaluar la relación entre la satisfacción con la vida y las estrategias de afrontamiento en 216 adolescentes de una universidad privada de Lima entre 16 y 22 años. El estudio fue de tipo correlacional y los instrumentos de evaluación fueron la Escala de Satisfacción con la Vida-SWLS (Diener, Emmons, Larsen & Griffin, 1985) y el Cuestionario de Modos de Afrontamiento al Estés- COPE (Carver, Sheier & Weintraub, 1989). En cuanto a la satisfacción con la vida y las estrategias de afrontamiento los resultados pusieron de manifiesto que solo existe relación significativa, con el afrontamiento activo (r=,144; p<0.05) y la reinterpretación positiva y desarrollo personal (r=,150; p<0.05). En relación a la satisfacción con la vida y el estilo enfocados en el problema y la emoción no se encontró relación significativa. aSEG44 aSEG26 aP151 aP150 aP149 aP146 aP145 aP126 aP125 aP92 aP75 aP74 aP27 aP1504aAdolescentesxAutorrealización04aAdolescentesxAdaptación (Psicología)1 aVargas Barrios, Mario Fredyeautor